[Event "Agosto de Victorias op"]
[Site "Mayabeque"]
[Date "2018.08.07"]
[Round "8"]
[White "De la Torre Rodriguez, Elizabeth"]
[Black "Saraiba Rafuls, Lubin"]
[Result "1-0"]
[WhiteElo "2055"]
[BlackElo "2024"]
[PlyCount "55"]
[EventDate "2018.08.04"]
[EventType "swiss"]
[EventRounds "9"]
[EventCountry "CUB"]
[SourceTitle "EXT 2021"]
[Source "ChessBase"]
[SourceDate "2020.10.23"]
[SourceVersion "1"]
[SourceVersionDate "2020.10.23"]
[SourceQuality "1"]

1. e4 c5 2. Nf3 e6 3. d3 d6 4. g3 Nc6 5. Bg2 Nge7 6. 0-0 g6 7. c3 Bg7 8. Be3 b6 9. d4 Ba6 10. Re1 0-0 11. Qd2 Rc8 12. Na3 Rc7 13. Bh6 cxd4 14. Bxg7 Kxg7 15. cxd4 Na5 16. b3 Qd7 17. Bh3 Qc6 18. Rac1 Qb7 19. Qf4 Rxc1 20. Rxc1 Be2 21. Ne1 Rc8 22. Rxc8 Nxc8 23. Qe3 Ba6 24. d5 exd5 25. exd5 Qe7 26. Qc3+ Qf6 27. Qxf6+ Kxf6 28. b4 1-0

[Event "Agosto de Victorias op"]
[Site "Mayabeque"]
[Date "2018.08.07"]
[Round "7"]
[White "Saraiba Rafuls, Lubin"]
[Black "Figueredo Dominguez, Reinaldo R"]
[Result "1-0"]
[WhiteElo "2024"]
[BlackElo "1921"]
[PlyCount "25"]
[EventDate "2018.08.04"]
[EventType "swiss"]
[EventRounds "9"]
[EventCountry "CUB"]
[SourceTitle "EXT 2021"]
[Source "ChessBase"]
[SourceDate "2020.10.23"]
[SourceVersion "1"]
[SourceVersionDate "2020.10.23"]
[SourceQuality "1"]

1. c4 e5 2. Nc3 Nc6 3. e3 Bc5 4. g3 f5 5. d3 Nf6 6. Bg2 d6 7. Nge2 f4 8. d4 Bb6 9. c5 Ba5 10. d5 Ne7 11. exf4 dxc5 12. 0-0 Ng6 13. Qa4+ 1-0

[Event "Giraldilla de La Habana op"]
[Site "Havana"]
[Date "2018.07.29"]
[Round "3"]
[White "Saraiba Rafuls, Lubin"]
[Black "Nieto Rego, Ana"]
[Result "1-0"]
[WhiteElo "2024"]
[BlackElo "2009"]
[PlyCount "45"]
[EventDate "2018.07.28"]
[EventType "swiss"]
[EventRounds "9"]
[EventCountry "CUB"]
[SourceTitle "EXT 2021"]
[Source "ChessBase"]
[SourceDate "2020.10.23"]
[SourceVersion "1"]
[SourceVersionDate "2020.10.23"]
[SourceQuality "1"]

1. d4 Nf6 2. Bg5 Ne4 3. Bf4 d5 4. f3 Nf6 5. e3 b6 6. Bb5+ Bd7 7. Bd3 c5 8. c4 cxd4 9. exd4 Nc6 10. Nc3 e6 11. Rc1 a6 12. cxd5 Nxd5 13. Nxd5 exd5 14. Ne2 Bb4+ 15. Kf2 Qf6 16. Qb3 Bd6 17. Qxd5 Bxf4 18. Nxf4 Qxd4+ 19. Kg3 0-0 20. Rxc6 Qxd5 21. Nxd5 Bxc6 22. Ne7+ Kh8 23. Nxc6 1-0